000 00534nam a2200205Ia 4500
001 8232
003 IVS
005 20250626025603.0
008 211022s9999 xx 000 0 und d
040 _cIVS
082 _a746 NAU
100 _aNausheen Faiz
245 0 _aChanging trends of the urban bridegroom wear
260 _aKarachi
260 _bIndus Valley School
260 _c2005
300 _av. p.
856 _uhttps://drive.google.com/file/d/13H5i6wPk-iAudq6w9tUy1sFtn6OZNv5_/view?usp=sharing
942 _cDISS
_n0
_2ddc
999 _c5769
_d5769